000 00435nam a2200181Ia 4500
001 1287
005 20260306140621.0
008 260306t2002||||xx |||||||||||||| ||spa||
041 _aESP
082 _a193
_bC75 T. 3
100 _aColomer, Eusebi
_eAUT
245 0 _aEl pensamiento alemán de Kant a Heidegger
260 _c2002
300 _a686 páginas :
_c22 cm.
650 _aGEN
654 _aCHU
942 _cLIB
_dJUS
_fJUS
_2ddc
_n
999 _c1287
_d1287